Úloha diplomatických misií v medzinárodných organizáciách bakalárska práca

Salvato in:
Dettagli Bibliografici
Autore principale: Džupinová, Barbora
Ente Autore: Fakulta medzinárodných vzťahov EU. Katedra medzinárodných politických vzťahov
Altri autori: Kurucz, Milan, 1954-
Natura: Libro
Lingua:slovacco
Pubblicazione: Bratislava 2020
Tags: Aggiungi Tag
Nessun Tag, puoi essere il primo ad aggiungerne!!

MARC

LEADER 00000nbm a2200000 4500
001 0265770
005 20200910083326.5
041 0 |a slo 
044 |a SK 
245 1 0 |a Úloha diplomatických misií v medzinárodných organizáciách  |b bakalárska práca  |c Barbora Džupinová ; školiteľ: Milan Kurucz 
264 1 |a Bratislava  |c 2020 
300 |a 57 s. 
100 1 |a Džupinová, Barbora 
700 1 |a Kurucz, Milan, 1954- 
710 2 |a Fakulta medzinárodných vzťahov EU. Katedra medzinárodných politických vzťahov